[Event "DEN-chT 2223 60th"]
[Site "Denmark"]
[Date "2023.01.14"]
[Round "5.1"]
[White "Laursen, Christopher Hofman"]
[Black "Laursen, Niels Norskov"]
[Result "0-1"]
[WhiteElo "2250"]
[BlackElo "2166"]
[PlyCount "94"]
[EventDate "2022.10.29"]
[EventType "team-tourn"]
[EventRounds "9"]
[EventCountry "DEN"]
[SourceTitle "CBM 213 Extra"]
[Source "ChessBase"]
[SourceDate "2023.05.31"]
[SourceVersion "1"]
[SourceVersionDate "2023.05.31"]
[SourceQuality "1"]
[WhiteTeam "Hillerod"]
[BlackTeam "Bronshoj"]
[WhiteTeamCountry "DEN"]
[BlackTeamCountry "DEN"]

1. Nf3 Nf6 2. b3 d6 3. d4 g6 4. Bb2 Bg7 5. g3 0-0 6. Bg2 Nc6 7. d5 Nb4 8. c4 c5 9. a3 Na6 10. 0-0 Nc7 11. Nbd2 b5 12. Ne1 Rb8 13. Nd3 bxc4 14. bxc4 e6 15. Rb1 exd5 16. Bxf6 Rxb1 17. Bxd8 Rxd1 18. Rxd1 Rxd8 19. cxd5 Ba6 20. Bf3 Nb5 21. Ne4 Nxa3 22. Ndxc5 dxc5 23. Nxc5 Bc8 24. e4 Nc4 25. Be2 Bf8 26. Nb3 Nb6 27. Ra1 Rd7 28. f4 f5 29. exf5 gxf5 30. Ra5 Bb4 31. Rb5 Bd6 32. Nc5 Rc7 33. Nd3 Ba6 34. Ra5 Bc4 35. Kf1 Bxd5 36. Bd1 Bc4 37. Bc2 Nd5 38. Kf2 Bxd3 39. Bxd3 Bc5+ 40. Kf3 Ne7 41. h3 Nc6 42. Ra1 Nd4+ 43. Kg2 Bb6 44. g4 Rc3 45. Rd1 Ne6 46. Bxf5 Nxf4+ 47. Kf1 Rf3+ 0-1

[Event "Copenhagen GoAudit op"]
[Site "Copenhagen"]
[Date "2022.11.04"]
[Round "3"]
[White "Jacobsen, Mikkel Manosri"]
[Black "Laursen, Niels Norskov"]
[Result "1-0"]
[WhiteElo "2262"]
[BlackElo "2166"]
[PlyCount "170"]
[EventDate "2022.11.04"]
[EventType "swiss"]
[EventRounds "7"]
[EventCountry "DEN"]
[SourceTitle "CBM 211 Extra"]
[Source "ChessBase"]
[SourceDate "2023.01.31"]
[SourceVersion "1"]
[SourceVersionDate "2023.01.31"]
[SourceQuality "1"]

1. d4 Nf6 2. Nf3 g6 3. Bf4 Bg7 4. c3 d6 5. Nbd2 0-0 6. e4 Nc6 7. Be2 Bg4 8. h3 Bxf3 9. Bxf3 e5 10. dxe5 Nxe5 11. Be2 Re8 12. 0-0 Ned7 13. Qc2 d5 14. Bf3 dxe4 15. Nxe4 Ne5 16. Bxe5 Rxe5 17. Rad1 Qe7 18. Nxf6+ Qxf6 19. Bxb7 Rb8 20. Bd5 Qb6 21. b3 Qc5 22. Qd3 Re7 23. c4 Rbe8 24. Bf3 Qa5 25. Bc6 Rb8 26. Rd2 Qb6 27. Qf3 Re6 28. Bd5 Rf6 29. Qe2 c6 30. Bf3 Re6 31. Qd3 c5 32. Qd7 Bf6 33. Bd5 Rd8 34. Bxe6 fxe6 35. Qxd8+ Bxd8 36. Rd7 Bf6 37. Re1 a5 38. Re3 Bd4 39. Rf3 a4 40. Rff7 axb3 41. Rfe7 Qb8 42. axb3 Qc8 43. Kf1 Bc3 44. f3 Bd4 45. Rxh7 Qf8 46. Rhe7 Qc8 47. Ke2 Bc3 48. Kd3 Bd4 49. b4 Bf6 50. Rf7 cxb4 51. Ra7 b3 52. Rxf6 Qd8+ 53. Kc3 Qxf6+ 54. Kxb3 Qd4 55. Ra5 Kf7 56. Ra2 Qb6+ 57. Kc3 Qc5 58. Re2 Qa3+ 59. Kd2 Kf6 60. Ke1 Qc1+ 61. Kf2 Qxc4 62. Re4 Qc2+ 63. Kg3 e5 64. Rg4 Kf5 65. h4 Qe2 66. Rg5+ Kf6 67. Rg4 Qe1+ 68. Kh3 Qh1+ 69. Kg3 Qe1+ 70. Kh3 Qf2 71. Kh2 Kf5 72. Kh3 Qd2 73. Kh2 Qd3 74. Kh3 Ke6 75. Kh2 Kd5 76. Kg3 Qc2 77. Kh2 Qf2 78. Kh3 Qc2 79. Kh2 Qf5 80. Kg3 Ke6 81. Re4 Kd5 82. Rg4 Qd3 83. Kh2 Qf5 84. Kg3 Qe6 85. Re4 Qf5 1-0

[Event "DEN-ch Kort2 Gr-1"]
[Site "Svendborg"]
[Date "2022.04.16"]
[Round "4"]
[White "Fredericia, Louise Winther"]
[Black "Laursen, Niels Norskov"]
[Result "1/2-1/2"]
[WhiteElo "1995"]
[BlackElo "2178"]
[PlyCount "66"]
[EventDate "2022.04.14"]
[EventType "swiss"]
[EventRounds "5"]
[EventCountry "DEN"]
[SourceTitle "EXT 2024"]
[Source "ChessBase"]
[SourceDate "2023.10.10"]
[SourceVersion "1"]
[SourceVersionDate "2023.10.10"]
[SourceQuality "1"]

1. e4 d6 2. f4 Nf6 3. Nc3 g6 4. Nf3 Bg7 5. d4 0-0 6. Be2 c5 7. Be3 Nbd7 8. e5 Ng4 9. Bg1 cxd4 10. Nxd4 dxe5 11. Bxg4 exd4 12. Bxd4 e5 13. Bf2 exf4 14. 0-0 Ne5 15. Bxc8 Qxd1 16. Raxd1 Rfxc8 17. Bd4 Rc4 18. Rxf4 Nc6 19. Be3 Rxf4 20. Bxf4 Bxc3 21. bxc3 Rd8 22. Re1 f6 23. h4 Kf7 24. Re4 h5 25. Kf2 Rd5 26. Rc4 Ra5 27. a4 Rd5 28. Be3 Ke6 29. Re4+ Re5 30. Rc4 Rf5+ 31. Ke2 Rd5 32. Re4+ Re5 33. Rc4 Rf5 1/2-1/2

[Event "DEN-ch Kort2 Gr-1"]
[Site "Svendborg"]
[Date "2022.04.14"]
[Round "1"]
[White "Laursen, Niels Norskov"]
[Black "Motzkus, Mikkel"]
[Result "1/2-1/2"]
[WhiteElo "2178"]
[BlackElo "1974"]
[PlyCount "70"]
[EventDate "2022.04.14"]
[EventType "swiss"]
[EventRounds "5"]
[EventCountry "DEN"]
[SourceTitle "EXT 2024"]
[Source "ChessBase"]
[SourceDate "2023.10.10"]
[SourceVersion "1"]
[SourceVersionDate "2023.10.10"]
[SourceQuality "1"]

1. e4 e6 2. d3 d5 3. Nd2 c5 4. Ngf3 Nc6 5. g3 Nf6 6. Bg2 Be7 7. 0-0 0-0 8. Re1 Qc7 9. e5 Nd7 10. Qe2 b6 11. h4 f6 12. exf6 Rxf6 13. Nf1 e5 14. Ng5 Rd6 15. Ne3 Nf6 16. c4 Nd4 17. Qf1 Bb7 18. Bd2 h6 19. Nf3 Nxf3+ 20. Bxf3 d4 21. Bxb7 Qxb7 22. Nf5 Re6 23. Qh3 Qc6 24. Re2 Re8 25. Qg2 Qxg2+ 26. Kxg2 e4 27. dxe4 Rxe4 28. Rxe4 Nxe4 29. Nxe7+ Rxe7 30. Re1 Kf7 31. Bf4 a6 32. f3 Nf6 33. Rxe7+ Kxe7 34. Kf2 b5 35. b3 Ne8 1/2-1/2

[Event "DEN-chT 2122 59th"]
[Site "Denmark"]
[Date "2022.01.16"]
[Round "4.8"]
[White "Laursen, Niels Norskov"]
[Black "Luther, Lasse"]
[Result "1/2-1/2"]
[WhiteElo "2214"]
[BlackElo "2090"]
[PlyCount "36"]
[EventDate "2021.10.30"]
[EventType "team-tourn"]
[EventRounds "9"]
[EventCountry "DEN"]
[SourceTitle "EXT 2024"]
[Source "ChessBase"]
[SourceDate "2023.10.10"]
[SourceVersion "1"]
[SourceVersionDate "2023.10.10"]
[SourceQuality "1"]
[WhiteTeam "Bronshoj"]
[BlackTeam "Jetsmark"]
[WhiteTeamCountry "DEN"]
[BlackTeamCountry "DEN"]

1. e4 e5 2. Nf3 Nc6 3. Bb5 a6 4. Ba4 Nf6 5. 0-0 Be7 6. Re1 b5 7. Bb3 d6 8. a4 Bd7 9. c3 0-0 10. d4 h6 11. Nbd2 Re8 12. Nf1 Bf8 13. Ng3 Na5 14. Bc2 c5 15. h3 cxd4 16. cxd4 Qc7 17. b3 Rac8 18. Ra2 Nc6 1/2-1/2

[Event "Copenhagen GoAudit op"]
[Site "Copenhagen"]
[Date "2021.11.14"]
[Round "7"]
[White "Laursen, Niels Norskov"]
[Black "Iskos, Lukas"]
[Result "0-1"]
[WhiteElo "2214"]
[BlackElo "2034"]
[PlyCount "46"]
[EventDate "2021.11.12"]
[EventType "swiss"]
[EventRounds "7"]
[EventCountry "DEN"]
[SourceTitle "CBM 205 Extra"]
[Source "ChessBase"]
[SourceDate "2022.01.31"]
[SourceVersion "1"]
[SourceVersionDate "2022.01.31"]
[SourceQuality "1"]

1. e4 c6 2. d4 d5 3. e5 Bf5 4. h4 h5 5. Bd3 Bxd3 6. Qxd3 Qa5+ 7. Nd2 e6 8. Ne2 Nd7 9. 0-0 c5 10. c3 Ne7 11. Nf3 Nf5 12. g3 Qb6 13. Kg2 Be7 14. Bg5 Bxg5 15. Nxg5 0-0 16. Nf4 cxd4 17. Qe2 g6 18. Nxh5 d3 19. Qf3 Nxe5 20. Qf4 Nd7 21. g4 e5 22. Qh2 Nh6 23. Qg3 gxh5 0-1

[Event "Copenhagen GoAudit op"]
[Site "Copenhagen"]
[Date "2021.11.13"]
[Round "5"]
[White "Laursen, Niels Norskov"]
[Black "Hector, Jonny"]
[Result "0-1"]
[WhiteElo "2214"]
[BlackElo "2447"]
[PlyCount "134"]
[EventDate "2021.11.12"]
[EventType "swiss"]
[EventRounds "7"]
[EventCountry "DEN"]
[SourceTitle "CBM 205 Extra"]
[Source "ChessBase"]
[SourceDate "2022.01.31"]
[SourceVersion "1"]
[SourceVersionDate "2022.01.31"]
[SourceQuality "1"]

1. e4 e5 2. Nf3 Nc6 3. Bb5 a6 4. Ba4 Bc5 5. 0-0 Nge7 6. Nxe5 Nxe5 7. d4 b5 8. Bb3 Bxd4 9. Qxd4 d6 10. c3 c5 11. Qd1 Bb7 12. Bc2 Qb6 13. a4 Rd8 14. axb5 axb5 15. Nd2 0-0 16. Qh5 c4 17. Nf3 Nd3 18. Bxd3 cxd3 19. Re1 f6 20. Be3 Qc6 21. Bd4 Ng6 22. Qg4 Rde8 23. Rad1 Rxe4 24. Rxe4 Qxe4 25. Qxe4 Bxe4 26. Ne1 Ne5 27. f3 Bg6 28. Bxe5 fxe5 29. Nxd3 Kf7 30. Nb4 Ke6 31. Ra1 e4 32. fxe4 Bxe4 33. Rf1 Ra8 34. Kf2 d5 35. g3 Kd6 36. Ke3 Re8 37. Kd2 Bg6 38. Rf4 Ra8 39. Rf1 Kc5 40. Nd3+ Kd6 41. Nb4 h5 42. h4 Be4 43. Ke3 Re8 44. Kd2 Re6 45. Ra1 Ke5 46. Ra6 Rxa6 47. Nxa6 d4 48. Nc5 Bf5 49. Nb3 dxc3+ 50. bxc3 Ke4 51. Nd4 Bd7 52. Ne2 Kf3 53. Nf4 Bg4 54. Ne2 Kf2 55. Nd4 Kxg3 56. Nxb5 Kxh4 57. Ke3 Kg3 58. Nd6 Bd7 59. Ne4+ Kg4 60. Nf2+ Kf5 61. Kf3 g5 62. Kg3 h4+ 63. Kh2 g4 64. Nd3 Bb5 65. Ne1 Kg5 66. Ng2 g3+ 67. Kh3 Bd7# 0-1

[Event "DEN Club Cup"]
[Site "Koge"]
[Date "2021.06.27"]
[Round "4.4"]
[White "Laursen, Niels Norskov"]
[Black "Ramsdal, Jens Albert"]
[Result "0-1"]
[WhiteElo "2228"]
[BlackElo "2263"]
[PlyCount "72"]
[EventDate "2021.06.25"]
[EventType "team-tourn"]
[EventRounds "5"]
[EventCountry "DEN"]
[SourceTitle "EXT 2023"]
[Source "ChessBase"]
[SourceDate "2022.10.05"]
[SourceVersion "1"]
[SourceVersionDate "2022.10.05"]
[SourceQuality "1"]
[WhiteTeam "Bronshoj"]
[BlackTeam "Copenhagen 68"]
[WhiteTeamCountry "DEN"]
[BlackTeamCountry "DEN"]

1. Nf3 c5 2. e4 d6 3. d4 cxd4 4. Nxd4 Nf6 5. Nc3 Nc6 6. Be2 g6 7. Nb3 Bg7 8. 0-0 0-0 9. Re1 Bd7 10. Bf1 a5 11. a4 Rc8 12. h3 Nb4 13. Nd4 e5 14. Ndb5 Be6 15. Nxd6 Nxc2 16. Nxc8 Nxa1 17. Be3 Nb3 18. Nd6 Qe7 19. Bc4 Nd4 20. Bxe6 Qxe6 21. Ndb5 Rd8 22. Qb1 Qb3 23. Rd1 Ne8 24. Rd2 Bf6 25. Nd5 Qxa4 26. Nxd4 exd4 27. Nxf6+ Nxf6 28. Bg5 Qc6 29. e5 Ne4 30. Rc2 Nxg5 31. Rxc6 bxc6 32. Kf1 d3 33. Ke1 Ne4 34. f3 d2+ 35. Kd1 Nf2+ 36. Ke2 d1Q+ 0-1

[Event "EU-Cup Online Gr-H"]
[Site "Tornelo INT"]
[Date "2021.03.27"]
[Round "1.3"]
[White "Pajeken, Jakob Leon"]
[Black "Laursen, Niels Norskov"]
[Result "1-0"]
[WhiteElo "2323"]
[BlackElo "2228"]
[PlyCount "75"]
[EventDate "2021.03.27"]
[EventType "team-tourn (rapid)"]
[EventRounds "9"]
[EventCountry "NET"]
[SourceTitle "CBM 201 Extra"]
[Source "ChessBase"]
[SourceDate "2021.05.31"]
[SourceVersion "1"]
[SourceVersionDate "2021.05.31"]
[SourceQuality "1"]
[WhiteTeam "Kiel Doppelbauer"]
[BlackTeam "Bronshoj"]
[WhiteTeamCountry "GER"]
[BlackTeamCountry "DEN"]

1. d4 Nf6 2. Nf3 g6 3. g3 Bg7 4. Bg2 0-0 5. 0-0 d6 6. b3 c5 7. c4 Nc6 8. Bb2 cxd4 9. Nxd4 Bd7 10. Nc3 Rc8 11. Nc2 a6 12. Qd2 Re8 13. Rfd1 Qa5 14. Ne3 Qh5 15. Ned5 Nxd5 16. Nxd5 Bxb2 17. Qxb2 Rb8 18. Nf4 Qa5 19. Rac1 Rbd8 20. h4 Qe5 21. Qd2 Bf5 22. e3 h5 23. Qe1 Be4 24. f3 Bf5 25. Nd5 Bc8 26. Rd2 Kg7 27. f4 Qf5 28. e4 Qd7 29. Rcd1 b5 30. Kh2 Qa7 31. cxb5 axb5 32. Rc2 Bd7 33. Rxc6 Bxc6 34. Qc3+ f6 35. Qxc6 Rc8 36. Qxb5 Qxa2 37. Nc7 Rb8 38. Nxe8+ 1-0

[Event "DEN-chT 1920 58th"]
[Site "Denmark"]
[Date "2020.02.23"]
[Round "7.3"]
[White "Laursen, Niels Norskov"]
[Black "Ostergaard, Jens"]
[Result "1/2-1/2"]
[WhiteElo "2251"]
[BlackElo "2228"]
[PlyCount "75"]
[EventDate "2019.11.23"]
[EventType "team-tourn"]
[EventRounds "9"]
[EventCountry "DEN"]
[SourceTitle "EXT 2021"]
[Source "ChessBase"]
[SourceDate "2020.10.23"]
[SourceVersion "1"]
[SourceVersionDate "2020.10.23"]
[SourceQuality "1"]
[WhiteTeam "Bronshoj"]
[BlackTeam "Hillerod"]
[WhiteTeamCountry "DEN"]
[BlackTeamCountry "DEN"]

1. e4 c5 2. Nf3 Nc6 3. Bb5 g6 4. 0-0 Bg7 5. c3 e5 6. d4 cxd4 7. cxd4 exd4 8. Bf4 a6 9. Ba4 b5 10. Bb3 d6 11. a4 b4 12. Nbd2 Nge7 13. Nc4 0-0 14. Nxd6 h6 15. Nxc8 Rxc8 16. Bc4 Qb6 17. Qd3 b3 18. Bxa6 Nb4 19. Qb5 Qxa6 20. Qxb4 Qe6 21. Nd2 g5 22. Bg3 Rc2 23. Rad1 Ra8 24. Qxb3 Qxb3 25. Nxb3 Rxa4 26. Rd2 d3 27. Rxd3 Rxe4 28. Rd8+ Kh7 29. Re8 Rxb2 30. Nc5 Ree2 31. Bd6 Nf5 32. Rxe2 Rxe2 33. Bb8 Bd4 34. Nd3 Rd2 35. Ne5 Rb2 36. Nc6 Bf6 37. Be5 Bxe5 38. Nxe5 1/2-1/2

[Event "DEN-chT 1920 58th"]
[Site "Denmark"]
[Date "2019.12.01"]
[Round "3.7"]
[White "Laursen, Niels Norskov"]
[Black "Holst, Per"]
[Result "0-1"]
[WhiteElo "2251"]
[BlackElo "2153"]
[PlyCount "72"]
[EventDate "2019.11.23"]
[EventType "team-tourn"]
[EventRounds "9"]
[EventCountry "DEN"]
[SourceTitle "CBM 193 Extra"]
[Source "ChessBase"]
[SourceDate "2020.01.31"]
[SourceVersion "1"]
[SourceVersionDate "2020.01.31"]
[SourceQuality "1"]
[WhiteTeam "Bronshoj"]
[BlackTeam "Nordre"]
[WhiteTeamCountry "DEN"]
[BlackTeamCountry "DEN"]

1. e4 e6 2. d4 d5 3. Nd2 Nf6 4. e5 Nfd7 5. Ngf3 c5 6. c3 Nc6 7. Bd3 g6 8. 0-0 Bg7 9. Re1 0-0 10. Bb5 Qb6 11. Bxc6 bxc6 12. dxc5 Qc7 13. Qe2 Nxc5 14. b3 Rd8 15. Qe3 Nd7 16. Ba3 c5 17. c4 d4 18. Qg5 h6 19. Qg3 Bb7 20. Ne4 Bxe4 21. Rxe4 a5 22. Rae1 Rdb8 23. Bc1 a4 24. Rh4 axb3 25. axb3 Ra1 26. Bxh6 Rxe1+ 27. Nxe1 Qxe5 28. Qxe5 Nxe5 29. Bxg7 Kxg7 30. Rh3 Nd7 31. f4 f6 32. Nc2 e5 33. fxe5 fxe5 34. b4 cxb4 35. Rb3 Nc5 36. Rxb4 d3 0-1

[Event "DEN-chT 1819 57th"]
[Site "Denmark"]
[Date "2019.01.12"]
[Round "5.2"]
[White "Hansen, Mads"]
[Black "Laursen, Niels Norskov"]
[Result "1-0"]
[WhiteElo "2385"]
[BlackElo "2304"]
[PlyCount "85"]
[EventDate "2018.10.27"]
[EventType "team-tourn"]
[EventRounds "9"]
[EventCountry "DEN"]
[SourceTitle "CBM 188 Extra"]
[Source "ChessBase"]
[SourceDate "2019.02.26"]
[SourceVersion "1"]
[SourceVersionDate "2019.02.26"]
[SourceQuality "1"]
[WhiteTeam "Skanderborg Nordea"]
[BlackTeam "Bronshoj"]
[WhiteTeamCountry "DEN"]
[BlackTeamCountry "DEN"]

1. e4 d6 2. d4 Nf6 3. Nc3 g6 4. Nf3 Bg7 5. Be2 0-0 6. 0-0 Bg4 7. Be3 Nc6 8. d5 Bxf3 9. Bxf3 Ne5 10. Be2 c6 11. f4 Ned7 12. dxc6 bxc6 13. Rb1 Qc7 14. Qd2 Rab8 15. a3 Nb6 16. Rfd1 d5 17. e5 Nfd7 18. b4 e6 19. Qe1 f6 20. exf6 Bxf6 21. a4 Rbe8 22. a5 Nc8 23. Qd2 Nd6 24. Kh1 Kh8 25. Bd4 Bxd4 26. Qxd4+ e5 27. fxe5 Nf5 28. Qd2 Rxe5 29. Rf1 Nf6 30. Bf3 Ne3 31. Rf2 Qe7 32. h3 g5 33. Kg1 Rg8 34. Qd4 g4 35. hxg4 Nfxg4 36. Re1 Qg7 37. Bxg4 Nxg4 38. Rxe5 Nxe5 39. Kf1 Qg3 40. Ne2 Qh2 41. Ng1 Rg4 42. Qxa7 Nf3 43. Nxf3 1-0

[Event "DEN-chT 1819 57th"]
[Site "Denmark"]
[Date "2018.12.09"]
[Round "4.1"]
[White "Skjoldager, Per"]
[Black "Laursen, Niels Norskov"]
[Result "1/2-1/2"]
[WhiteElo "2087"]
[BlackElo "2304"]
[PlyCount "80"]
[EventDate "2018.10.27"]
[EventType "team-tourn"]
[EventRounds "9"]
[EventCountry "DEN"]
[SourceTitle "CBM 187 Extra"]
[Source "ChessBase"]
[SourceDate "2018.11.04"]
[SourceVersion "1"]
[SourceVersionDate "2018.11.04"]
[SourceQuality "1"]
[WhiteTeam "Evans"]
[BlackTeam "Bronshoj"]
[WhiteTeamCountry "DEN"]
[BlackTeamCountry "DEN"]

1. e4 d6 2. Nf3 Nf6 3. Nc3 g6 4. Bc4 Bg7 5. d3 c5 6. e5 dxe5 7. Nxe5 0-0 8. 0-0 Nbd7 9. Bf4 Nxe5 10. Bxe5 Ng4 11. Bxg7 Qd6 12. f4 Kxg7 13. Qe2 Nh6 14. Rae1 Nf5 15. Qe5+ Qxe5 16. Rxe5 b6 17. g4 Nd4 18. g5 Bh3 19. Rf2 e6 20. Re3 Bf5 21. Nb5 Nxb5 22. Bxb5 Rac8 23. Ba6 Rc7 24. a4 Rh8 25. h4 h6 26. Rh2 Rd7 27. Bc4 Rd4 28. Rf3 hxg5 29. hxg5 Rxh2 30. Kxh2 Rd8 31. Kg2 Rh8 32. Bb5 Rh4 33. Bc6 Rg4+ 34. Kf2 Rh4 35. Ke3 Rh1 36. Rf2 Rh3+ 37. Rf3 Rh1 38. Rf2 Rh3+ 39. Rf3 Rh2 40. Rf2 Rh3+ 1/2-1/2

[Event "DEN-chT 1819 57th"]
[Site "Denmark"]
[Date "2018.10.27"]
[Round "1"]
[White "Laursen, Niels Norskov"]
[Black "Rozentalis, Eduardas"]
[Result "0-1"]
[WhiteElo "2304"]
[BlackElo "2522"]
[PlyCount "72"]
[EventDate "2018.10.27"]
[EventType "team-tourn"]
[EventRounds "9"]
[EventCountry "DEN"]
[SourceTitle "CBM 188 Extra"]
[Source "ChessBase"]
[SourceDate "2019.02.26"]
[SourceVersion "1"]
[SourceVersionDate "2019.02.26"]
[SourceQuality "1"]
[WhiteTeam "Bronshoj"]
[BlackTeam "Koge Xtracon"]
[WhiteTeamCountry "DEN"]
[BlackTeamCountry "DEN"]

1. e4 e6 2. d4 d5 3. Nc3 Nc6 4. Nf3 Nf6 5. Bg5 Be7 6. e5 Ne4 7. Bxe7 Qxe7 8. Bd3 Nxc3 9. bxc3 f6 10. Bb5 Bd7 11. Bxc6 Bxc6 12. 0-0 0-0 13. Re1 f5 14. Nd2 f4 15. f3 Rf5 16. g4 fxg3 17. hxg3 Raf8 18. Kg2 Qg5 19. Qe2 Ba4 20. Rac1 a6 21. Qe3 Qg6 22. Rh1 Rg5 23. Rh3 h6 24. Nb3 Bb5 25. Nc5 Rgf5 26. g4 h5 27. Rg3 h4 28. Rh3 Rxf3 29. Qxf3 Rxf3 30. Rxf3 Qxg4+ 31. Kf2 h3 32. Rg1 Qh4+ 33. Ke3 Qh6+ 34. Kf2 Qd2+ 35. Kg3 Be2 36. Rf2 Qe3+ 0-1

[Event "DEN-ch rapid op"]
[Site "Hvidovre"]
[Date "2018.09.09"]
[Round "3"]
[White "Jacobsen, Mikkel Manosri"]
[Black "Laursen, Niels Norskov"]
[Result "1-0"]
[WhiteElo "2305"]
[BlackElo "2304"]
[PlyCount "79"]
[EventDate "2018.09.09"]
[EventType "swiss (rapid)"]
[EventRounds "7"]
[EventCountry "DEN"]
[SourceTitle "EXT 2020"]
[Source "ChessBase"]
[SourceDate "2019.10.17"]
[SourceVersion "1"]
[SourceVersionDate "2019.10.17"]
[SourceQuality "1"]

1. d4 d6 2. Nf3 Nf6 3. c4 g6 4. Nc3 Bg7 5. Bg5 0-0 6. e3 c5 7. d5 h6 8. Bh4 g5 9. Bg3 Nh5 10. Bd3 f5 11. Nd2 Nxg3 12. hxg3 a6 13. a4 e6 14. g4 exd5 15. gxf5 d4 16. Nd5 Nd7 17. e4 Nf6 18. g4 b6 19. f4 Nxd5 20. exd5 gxf4 21. Qf3 Bd7 22. Ne4 Qe7 23. Kf2 b5 24. axb5 axb5 25. Rxa8 Rxa8 26. Qxf4 bxc4 27. Bxc4 Re8 28. Bd3 Qe5 29. Qxe5 Rxe5 30. Nxd6 Re3 31. Rd1 Kf8 32. Nc4 Re8 33. Ra1 Rb8 34. Ra7 Bb5 35. d6 Bf6 36. b3 Bc6 37. Rc7 Bd5 38. Rxc5 Rxb3 39. Ke2 Bf7 40. Rc8+ 1-0

[Event "DEN-ch rapid op"]
[Site "Hvidovre"]
[Date "2018.09.09"]
[Round "2"]
[White "Laursen, Niels Norskov"]
[Black "Haubro, Sigfred"]
[Result "1/2-1/2"]
[WhiteElo "2304"]
[BlackElo "2130"]
[PlyCount "123"]
[EventDate "2018.09.09"]
[EventType "swiss (rapid)"]
[EventRounds "7"]
[EventCountry "DEN"]
[SourceTitle "EXT 2020"]
[Source "ChessBase"]
[SourceDate "2019.10.17"]
[SourceVersion "1"]
[SourceVersionDate "2019.10.17"]
[SourceQuality "1"]

1. e4 d5 2. exd5 Qxd5 3. Nc3 Qa5 4. d4 c6 5. Nf3 Nf6 6. Bc4 Bf5 7. Ne5 e6 8. g4 Be4 9. f3 Bd5 10. Qe2 Nbd7 11. Bd3 Bd6 12. Bd2 Qc7 13. Nxd5 cxd5 14. f4 Rc8 15. c3 a6 16. 0-0 0-0 17. Rae1 Ne8 18. f5 Nxe5 19. dxe5 Bc5+ 20. Kh1 exf5 21. gxf5 f6 22. Qf3 fxe5 23. Qxd5+ Kh8 24. Qxe5 Bd6 25. Qe2 Nf6 26. Qg2 Rcd8 27. Rf3 Rde8 28. Re6 b5 29. Be3 Rd8 30. Bd4 Nd5 31. Rh3 Nf4 32. f6 Rxf6 33. Rxh7+ Kg8 34. Rxg7+ Qxg7 35. Qxg7+ Kxg7 36. Bxf6+ Kf7 37. Bxd8 Nxe6 38. Bh4 Nf4 39. Be4 Ke6 40. Bg3 Ke5 41. Bb7 a5 42. Bc6 b4 43. cxb4 axb4 44. Kg1 Bc5+ 45. Kf1 Kf5 46. Bb5 Ke4 47. h4 Bd4 48. b3 Bf6 49. Be1 Be7 50. Bg3 Kf3 51. Bxf4 Kxf4 52. h5 Kg5 53. Be2 Kh6 54. Ke1 Bd6 55. Kd1 Be7 56. Kc2 Bd6 57. Kd3 Be7 58. Kc4 Bf8 59. Kd3 Be7 60. Kc4 Bf8 61. Bd1 Be7 62. Kb5 1/2-1/2

[Event "DEN-ch rapid op"]
[Site "Hvidovre"]
[Date "2018.09.09"]
[Round "1"]
[White "Skou, Niels"]
[Black "Laursen, Niels Norskov"]
[Result "0-1"]
[WhiteElo "2006"]
[BlackElo "2304"]
[PlyCount "114"]
[EventDate "2018.09.09"]
[EventType "swiss (rapid)"]
[EventRounds "7"]
[EventCountry "DEN"]
[SourceTitle "EXT 2020"]
[Source "ChessBase"]
[SourceDate "2019.10.17"]
[SourceVersion "1"]
[SourceVersionDate "2019.10.17"]
[SourceQuality "1"]

1. c4 g6 2. Nc3 Bg7 3. Nf3 Nf6 4. g3 0-0 5. Bg2 d6 6. 0-0 Nbd7 7. d4 e5 8. e4 exd4 9. Nxd4 Re8 10. h3 a6 11. Re1 Rb8 12. Bg5 h6 13. Be3 Ne5 14. b3 c5 15. Nf3 Nxf3+ 16. Qxf3 b5 17. Rad1 b4 18. Nd5 Nd7 19. Qe2 Bb7 20. Qd2 Kh7 21. Bf4 Ne5 22. Ne3 Bf8 23. Ng4 Nxg4 24. hxg4 Re6 25. g5 hxg5 26. Bxg5 Qe8 27. Qd3 Bg7 28. Bd2 a5 29. Bf3 Bd4 30. Kg2 Rf6 31. Rh1+ Kg8 32. Rh4 Rxf3 33. Qxf3 f5 34. Rdh1 Bxe4 35. Rxe4 Qxe4 36. Qxe4 fxe4 37. Re1 Re8 38. Bf4 Re6 39. Kh3 Kf7 40. Kg4 Bxf2 41. Rf1 e3 42. Bxe3 Rxe3 43. Rxf2+ Ke6 44. Rd2 Re5 45. Kf4 d5 46. cxd5+ Rxd5 47. Rc2 Kd6 48. g4 g5+ 49. Ke4 Kc6 50. Rh2 a4 51. Rh6+ Rd6 52. Rh2 axb3 53. axb3 c4 54. bxc4 Kc5 55. Rc2 b3 56. Rc3 b2 57. Rb3 Rb6 0-1

[Event "DEN-ch cand"]
[Site "Svendborg"]
[Date "2018.03.29"]
[Round "3"]
[White "Jacobsen, Mikkel Manosri"]
[Black "Laursen, Niels Norskov"]
[Result "1/2-1/2"]
[WhiteElo "2162"]
[BlackElo "2304"]
[PlyCount "43"]
[EventDate "2018.03.27"]
[EventType "swiss"]
[EventRounds "7"]
[EventCountry "DEN"]
[SourceTitle "EXT 2019"]
[Source "ChessBase"]
[SourceDate "2018.10.10"]
[SourceVersion "1"]
[SourceVersionDate "2018.10.10"]
[SourceQuality "1"]

1. d4 d6 2. Nf3 Nf6 3. c4 g6 4. Nc3 Bg7 5. Bg5 0-0 6. e3 h6 7. Bh4 c5 8. d5 e6 9. Nd2 exd5 10. cxd5 Na6 11. Be2 Nc7 12. 0-0 a6 13. a4 Rb8 14. a5 Bd7 15. Qb3 Qe7 16. Rae1 b5 17. axb6 Na8 18. Nc4 Nxb6 19. Na5 Na4 20. Qa3 Rb4 21. Bxf6 Qxf6 22. Nc6 1/2-1/2

[Event "DEN-ch cand"]
[Site "Svendborg"]
[Date "2018.03.28"]
[Round "2"]
[White "Laursen, Niels Norskov"]
[Black "Rossen, Claus"]
[Result "1/2-1/2"]
[WhiteElo "2304"]
[BlackElo "2200"]
[PlyCount "55"]
[EventDate "2018.03.27"]
[EventType "swiss"]
[EventRounds "7"]
[EventCountry "DEN"]
[SourceTitle "EXT 2019"]
[Source "ChessBase"]
[SourceDate "2018.10.10"]
[SourceVersion "1"]
[SourceVersionDate "2018.10.10"]
[SourceQuality "1"]

1. e4 c5 2. Nf3 Nc6 3. d4 cxd4 4. Nxd4 e5 5. Nb5 a6 6. Nd6+ Bxd6 7. Qxd6 Qf6 8. Qd1 Qg6 9. Nc3 Nge7 10. h4 h5 11. Bg5 d5 12. Bxe7 d4 13. Ne2 Nxe7 14. Ng3 Qb6 15. Be2 Qb4+ 16. Qd2 Qxd2+ 17. Kxd2 g6 18. Bc4 Nc6 19. Ne2 Ke7 20. Rhf1 f5 21. Bd5 f4 22. c3 dxc3+ 23. Nxc3 Nd4 24. Ne2 Nxe2 25. Kxe2 Be6 26. Rfd1 Rac8 27. Bxe6 Kxe6 28. Rac1 1/2-1/2

[Event "DEN-chT 1718 56th"]
[Site "Denmark"]
[Date "2018.01.13"]
[Round "5.2"]
[White "Schuette, Andreas"]
[Black "Laursen, Niels Norskov"]
[Result "1/2-1/2"]
[WhiteElo "2152"]
[BlackElo "2304"]
[PlyCount "56"]
[EventDate "2017.11.18"]
[EventType "team-tourn"]
[EventRounds "9"]
[EventCountry "DEN"]
[SourceTitle "EXT 2019"]
[Source "ChessBase"]
[SourceDate "2018.10.10"]
[SourceVersion "1"]
[SourceVersionDate "2018.10.10"]
[SourceQuality "1"]
[WhiteTeam "BOV"]
[BlackTeam "Bronshoj"]
[WhiteTeamCountry "DEN"]
[BlackTeamCountry "DEN"]

1. d4 d6 2. e4 Nf6 3. Nc3 g6 4. f4 Bg7 5. Nf3 0-0 6. e5 Nfd7 7. Bc4 Nb6 8. Bb3 Nc6 9. Be3 Na5 10. Qe2 Nxb3 11. axb3 c6 12. 0-0 f6 13. Rad1 Be6 14. Qf2 Nd5 15. exd6 Qxd6 16. Rde1 Rad8 17. Bc1 Rfe8 18. Qe2 Bc8 19. Nxd5 cxd5 20. h3 Bf5 21. c3 Qb6 22. Qd1 Qb5 23. Rf2 Bd3 24. b4 Rd6 25. Re3 Bf5 26. Re1 Bd3 27. Re3 Bf5 28. Re1 Bd3 1/2-1/2